Despertador christiano quadragesimal de sermones doctrinales, para todos los dias de la quaresma, con remissiones copiosas al despertador christiano. De sermones enteros para los mismos dias / su autor el Ilustrissimo, y Reverendissimo Señor Don Joseph de Barcia y Zambrana, obispo de Cadiz, y Algeciras, del Consejo de su Magestad, vicario general de la Armada del Mar Oceano

Detalles Bibliográficos
Autor principal: Barcia y Zambrana, José de, fl. 1678
Formato: Libro
Lenguaje:Spanish
Publicado: en Madrid : por los herederos de Antonio Gonzalez de Reyes, 1724.
Edición:Tercera impression
Materias:
Colección:Banco de datos
Acervo:Fondo Bibliográfico Antiguo de Libros eclesiásticos de la Universidad de Ciencias y Artes de Chiapas
Descripción Física:3 t. ; f°
Tema general:Homilética
Notas:Portada tipográfica con orla y pleca en grabado xilográfico. Texto a dos columnas con apostillas marginales. Tomo con portada y numeración propias. Año del t. 2 publicado en 1724. Paginación: t. 2 [8] h., 452 p. Incluye cabecera de título en grabado xilográfico. Incluye capitulares floreadas en grabado xilográfico. Encuadernación en pergamino. Marca de fuego: Convento de Santo Domingo de la ciudad Real, (hoy San Cristóbal de las Casas, Chiapas). Daños de humedad, hongo y polilla
LEADER 01680nam a22002050004500
035 |a 401 
041 0 |a spa 
100 1 |a Barcia y Zambrana, José de, fl. 1678 
245 1 0 |a Despertador christiano quadragesimal de sermones doctrinales, para todos los dias de la quaresma, con remissiones copiosas al despertador christiano. De sermones enteros para los mismos dias / su autor el Ilustrissimo, y Reverendissimo Señor Don Joseph de Barcia y Zambrana, obispo de Cadiz, y Algeciras, del Consejo de su Magestad, vicario general de la Armada del Mar Oceano 
250 |a Tercera impression 
260 |a en Madrid : por los herederos de Antonio Gonzalez de Reyes, 1724. 
300 |a 3 t. ; f° 
500 |a Portada tipográfica con orla y pleca en grabado xilográfico. Texto a dos columnas con apostillas marginales. Tomo con portada y numeración propias. Año del t. 2 publicado en 1724. Paginación: t. 2 [8] h., 452 p. Incluye cabecera de título en grabado xilográfico. Incluye capitulares floreadas en grabado xilográfico. Encuadernación en pergamino. Marca de fuego: Convento de Santo Domingo de la ciudad Real, (hoy San Cristóbal de las Casas, Chiapas). Daños de humedad, hongo y polilla  
504 |a Al principio de la obra están Tabla de los sermones, dos dedicatoria, prólogo y preliminares 
504 |a Al final de la obra están Indice de los lugares de la Sagrada Escriptura e Indice de las cosas notables 
650 1 0 |a Homilética 
949 |a UNICACH, Colección de Libros Eclesiásticos: t. 2 (477) 
942 |c CHIAECLE 
943 |g Fondo Bibliográfico Antiguo de Libros eclesiásticos de la Universidad de Ciencias y Artes de Chiapas 
999 |c 1101474  |d 1101474